[Event "16th Open"]
[Site "Abu Dhabi UAE"]
[Date "2006.08.18"]
[Round "6"]
[White "Magerramov,E"]
[Black "Jakovljevic,Vlado"]
[Result "1/2-1/2"]
[WhiteElo "2530"]
[BlackElo "2414"]
[EventDate "2006.08.12"]

1. Nf3 Nf6 2. c4 g6 3. Nc3 d5 4. d4 Bg7 5. Bf4 O-O 6. e3 c5 7. dxc5 Qa5 8.
Rc1 dxc4 9. Bxc4 Qxc5 10. Bb3 Qa5 11. O-O Nc6 12. h3 Bf5 13. Qe2 Ne4 14.
Nd5 e5 15. Bh2 Nc5 16. Bc4 e4 17. Ng5 Nd3 18. g4 Nxc1 19. Rxc1 Qd8 20. Nxf7
Rxf7 21. Nc7 Rc8 22. Bxf7+ Kxf7 23. Qc4+ Kf8 24. gxf5 Rxc7 25. Bxc7 Qxc7
26. fxg6 hxg6 27. Qxe4 Qd6 28. b3 Kg8 29. Kg2 Kh7 30. Rc4 a5 31. Qf3 Bf6
32. Rc1 Kg7 33. Rd1 Qe7 34. Rd5 Qc7 35. Qd1 Ne7 36. Rd7 Qc6+ 37. Kg1 Kf7
38. a4 b6 39. Rd6 Qc5 40. Qd3 Kg7 41. Re6 Kf7 42. Re4 Qf5 43. Qc4+ Kg7 44.
Qe6 Qc5 45. Rc4 Qg5+ 46. Kf1 b5 47. Rc7 bxa4 48. bxa4 Kh6 49. Rc4 Kg7 50.
Rc7 Kh6 51. Rb7 Qh4 52. Qg4 Nf5 53. Rb5 Bc3 54. Ke2 Qd8 55. Qf4+ Kh7 56.
Rb7+ Bg7 57. Rc7 Qd5 58. Rc2 Qe6 59. Rd2 Qa6+ 60. Rd3 Qc6 61. Rd2 Bc3 62.
Rc2 Qa6+ 63. Kf3 Qb7+ 64. Ke2 Qa6+ 65. Kf3 Qb7+ 1/2-1/2

[Event "16th Open"]
[Site "Abu Dhabi UAE"]
[Date "2006.08.18"]
[Round "6"]
[White "Darban,M"]
[Black "Sturua,Z"]
[Result "1/2-1/2"]
[WhiteElo "2390"]
[BlackElo "2509"]
[EventDate "2006.08.12"]

1. e4 e5 2. Nf3 Nc6 3. Bb5 Nf6 4. O-O Bc5 5. Nxe5 Nxe5 6. d4 a6 7. Ba4 b5
8. Bb3 Bxd4 9. Qxd4 d6 10. c3 Bb7 11. f3 O-O 12. Bg5 h6 13. Bh4 c5 14. Qe3
c4 15. Bc2 Nfg4 16. Qe1 Qb6+ 17. Bf2 Nxf2 18. Qxf2 Qxf2+ 19. Kxf2 d5 20.
exd5 Rad8 21. Rd1 Rxd5 22. Rxd5 Bxd5 23. a4 Rb8 24. Ke3 Nc6 25. axb5 axb5
26. Nd2 Kf8 27. b3 Re8+ 1/2-1/2

[Event "16th Open"]
[Site "Abu Dhabi UAE"]
[Date "2006.08.18"]
[Round "6"]
[White "Bakre,T"]
[Black "Allahverdiev,A"]
[Result "0-1"]
[WhiteElo "2454"]
[BlackElo "2435"]
[EventDate "2006.08.12"]

1. d4 Nf6 2. Nf3 e6 3. e3 b6 4. Bd3 Bb7 5. Nbd2 c5 6. O-O Be7 7. c3 cxd4 8.
exd4 O-O 9. Qe2 d6 10. Ne4 Nxe4 11. Bxe4 Bxe4 12. Qxe4 Nd7 13. Bf4 Nf6 14.
Qb7 Nd5 15. Bg3 Qc8 16. Qxc8 Rfxc8 17. Ne1 b5 18. Nd3 a5 19. a4 bxa4 20.
Rxa4 Nb6 21. Ra2 a4 22. Rfa1 d5 23. f3 a3 24. Be1 Na4 25. Kf1 h6 26. Ke2
axb2 27. Nxb2 Nxc3+ 28. Bxc3 Rxa2 29. Rxa2 Rxc3 30. Nd3 Bf6 31. Ke3 g6 32.
g4 Kg7 33. Rb2 Bg5+ 34. Ke2 Rc4 35. Ne5 Rxd4 36. Rb7 Rf4 37. Kf2 h5 38. h3
hxg4 39. hxg4 Bd8 40. Ke3 g5 41. Kd3 Ba5 42. Nc6 Rxf3+ 43. Ke2 Ra3 44. Ne5
Kf6 45. Nd7+ Ke7 46. Ne5+ Bc7 47. Nf3 Rc3 48. Nxg5 Kf6 49. Nf3 Bf4 50. Rd7
Rc7 51. Rd8 Ke7 52. Ra8 e5 53. Ra6 Rc2+ 54. Kf1 d4 55. Nh4 d3 56. Nf5+ Ke8
0-1

[Event "16th Open"]
[Site "Abu Dhabi UAE"]
[Date "2006.08.18"]
[Round "6"]
[White "Nezad,H"]
[Black "Abbasov,F"]
[Result "0-1"]
[WhiteElo "2320"]
[BlackElo "2443"]
[EventDate "2006.08.12"]

1. e4 c5 2. Nf3 Nc6 3. Bb5 e6 4. Bxc6 bxc6 5. d3 Ne7 6. Qe2 Ng6 7. h4 Qc7
8. h5 Nf4 9. Bxf4 Qxf4 10. Nbd2 e5 11. Nc4 d6 12. Ne3 Be7 13. g3 Qf6 14.
O-O-O Rb8 15. Kb1 O-O 16. g4 Re8 17. g5 Qe6 18. Nf5 Bf8 19. g6 h6 20. gxf7+
Qxf7 21. N3h4 Re6 22. Rdg1 Rf6 23. Qe3 Kh7 24. Rg6 Bxf5 25. Rxf6 Qxf6 26.
Nxf5 Qf7 27. c4 Re8 28. Qh3 Re6 29. f4 exf4 30. Qg4 d5 31. Qxf4 dxe4 32.
dxe4 Bd6 33. Qg4 Be5 34. Rd1 Qb7 35. Qe2 Bf6 36. Rd2 Qb8 37. Qg4 Qe5 38.
Re2 Re8 39. a3 Kh8 40. Nh4 Qd4 41. Ng6+ Kh7 42. Qf3 Qd1+ 43. Ka2 Bxb2 44.
Nf8+ Kg8 45. Rf2 Qa1+ 46. Kb3 Qxa3+ 47. Kc2 Qxf3 0-1

[Event "16th Open"]
[Site "Abu Dhabi UAE"]
[Date "2006.08.18"]
[Round "6"]
[White "Sale,S"]
[Black "Pourkashiyan,A"]
[Result "1/2-1/2"]
[WhiteElo "2438"]
[BlackElo "2298"]
[EventDate "2006.08.12"]

1. g3 d5 2. Bg2 Nf6 3. d3 e5 4. Nf3 Bd6 5. O-O O-O 6. c4 c6 7. cxd5 cxd5 8.
Bg5 Be6 9. Nc3 Nbd7 10. d4 e4 11. Ne1 h6 12. Bxf6 Nxf6 13. Qb3 Qd7 14. Nc2
Rac8 15. Ne3 Bb8 16. Rac1 a6 17. Na4 Ba7 18. Nb6 Bxb6 19. Qxb6 Rxc1 20.
Rxc1 Rc8 21. Rc5 Rxc5 22. Qxc5 Qa4 23. a3 Qb3 24. Qc2 Qxc2 25. Nxc2 Ne8 26.
f3 f5 27. Kf2 Nd6 28. b3 Kf7 29. Ke3 g5 30. f4 Kg6 31. Kf2 Ne8 32. e3 Nf6
33. Bf1 Ng4+ 34. Kg2 Nf6 35. Be2 Bd7 36. a4 g4 37. a5 Kf7 38. Kf2 Ke6 39.
Ke1 Ng8 40. Kd2 Ne7 41. Kc3 Nc6 42. b4 Na7 43. Na3 Kd6 44. Kb3 Kc7 45. Kc3
1/2-1/2

[Event "16th Open"]
[Site "Abu Dhabi UAE"]
[Date "2006.08.18"]
[Round "6"]
[White "Safarli,E"]
[Black "Sethuraman,S"]
[Result "1-0"]
[WhiteElo "2421"]
[BlackElo "2290"]
[EventDate "2006.08.12"]

1. e4 e5 2. Nf3 Nc6 3. Bb5 a6 4. Ba4 Nf6 5. O-O b5 6. Bb3 Bc5 7. c3 d6 8.
d4 Bb6 9. h3 O-O 10. Be3 Bb7 11. Nbd2 Re8 12. Re1 h6 13. Bc2 Nd7 14. a3 Ne7
15. b4 c5 16. bxc5 exd4 17. cxd4 dxc5 18. d5 Ng6 19. a4 Nf6 20. Rb1 Qc7 21.
axb5 axb5 22. Rxb5 Ba6 23. Rb1 Ba5 24. Ba4 Reb8 25. Qc2 Rb4 26. Bc6 Rab8
27. Bxc5 Rxb1 28. Rxb1 Rxb1+ 29. Qxb1 Nf4 30. Be3 Ne2+ 31. Kh1 Nc3 32. Qc2
Qe7 33. Bd4 Nfxe4 34. d6 Nxf2+ 35. Bxf2 Qxd6 36. Qf5 Bc7 37. Qd7 Qf4 38. g3
Qd6 39. Qxd6 Bxd6 40. Ne4 Nxe4 41. Bxe4 g6 42. Kg2 Bc4 43. Nd4 Kg7 44. g4
Be7 45. Kf3 Bd6 46. Nc6 Bb3 47. Bd4+ Kf8 48. Bf6 Bc4 49. Nd4 Bf1 50. h4 Be7
51. g5 hxg5 52. hxg5 Bc4 53. Kf4 Bd6+ 54. Kf3 Ba3 55. Nc6 Bc1 56. Ne5 Be6
57. Nd3 Ba3 58. Nf4 Bd7 59. Bd5 Bf5 60. Ne2 Bc2 61. Nd4 Bd3 62. Nc6 Bb5 63.
Ne5 Be8 64. Ke4 Bb2 65. Nxg6+ fxg6 66. Bxb2 1-0

[Event "16th Open"]
[Site "Abu Dhabi UAE"]
[Date "2006.08.18"]
[Round "6"]
[White "Bistric,F"]
[Black "Lomineishvili,M"]
[Result "0-1"]
[WhiteElo "2426"]
[BlackElo "2380"]
[EventDate "2006.08.12"]

1. Nf3 d5 2. c4 e6 3. d4 Nf6 4. Bg5 Bb4+ 5. Nc3 h6 6. Bxf6 Qxf6 7. Rc1 O-O
8. e3 dxc4 9. Bxc4 c5 10. O-O cxd4 11. exd4 Bxc3 12. Rxc3 Nd7 13. Bb3 Rd8
14. Rc7 b6 15. Qe2 a5 16. Rfc1 a4 17. Bc4 Qf4 18. Bb5 Nc5 19. R7xc5 bxc5
20. Rxc5 Bb7 21. Qe3 Qd6 22. Bd3 Bxf3 23. Qxf3 Qxd4 24. Rc7 Rf8 25. g4 Rad8
26. Bc2 Rc8 27. Rc3 Rxc3 28. bxc3 Qc4 29. h4 Rc8 30. Bd3 Qxa2 31. Qe4 Qa1+
32. Kh2 Qxc3 33. Ba6 Qc7+ 34. Kg1 Qc1+ 35. Kh2 Qc6 36. Qd3 Qc7+ 37. Kg2 Rd8
38. Qe4 Qd6 39. Bc4 a3 40. Qf3 Qd1 41. Be2 Qd5 0-1

[Event "16th Open"]
[Site "Abu Dhabi UAE"]
[Date "2006.08.18"]
[Round "6"]
[White "Javakhishvili,L"]
[Black "Alavi,S"]
[Result "1/2-1/2"]
[WhiteElo "2418"]
[BlackElo "2314"]
[EventDate "2006.08.12"]

1. d4 d5 2. Nf3 Nf6 3. c4 dxc4 4. e3 c5 5. Bxc4 e6 6. O-O a6 7. Bd3 Nc6 8.
Nc3 cxd4 9. exd4 Be7 10. Bg5 O-O 11. Rc1 Nd5 12. Be3 Bf6 13. Ne4 Nce7 14.
Bb1 Bd7 15. Nxf6+ Nxf6 16. Bg5 Ned5 17. Ne5 Bb5 18. Re1 h6 19. Bh4 Qa5 20.
Ng4 Nxg4 21. Qxg4 Rac8 22. Qe4 g6 23. Rcd1 Ba4 24. b3 Nc3 25. Qg4 Nxb1 26.
Rxb1 Bd7 27. Qe2 Qf5 28. Rb2 Bb5 29. Qd2 g5 30. Bg3 Rfd8 31. h4 Qd3 32.
hxg5 Qxd2 33. Rxd2 hxg5 34. f3 Rd5 35. Kf2 Rc3 36. Rh1 f6 37. Re1 Kf7 38.
Re3 Rc8 39. Re1 e5 40. a4 Be8 41. Red1 exd4 42. Rxd4 Rc2+ 43. Kg1 Rxd4 44.
Rxd4 Rc3 45. Rb4 Bc6 46. Be1 Rc2 47. Bf2 Ke6 48. Rb6 Kd5 49. Rb4 Rd2 50.
Rc4 Rd3 51. Rb4 Rd2 52. Rc4 Rd3 53. Rb4 a5 54. Rb6 Kd6 55. b4 axb4 56. Rxb4
Ra3 57. Rd4+ Ke6 58. Bg3 Bxa4 59. Rd6+ Kf7 60. Bf2 Bb5 61. Bd4 Ra6 62. Rd8
Re6 63. Rb8 Bc6 64. Kf2 Re7 65. Rh8 Bd5 66. g4 b5 67. Rh7+ Ke6 68. Rxe7+
Kxe7 69. Kg3 Ke6 70. Bc3 Bb3 71. f4 gxf4+ 72. Kxf4 1/2-1/2

[Event "16th Open"]
[Site "Abu Dhabi UAE"]
[Date "2006.08.18"]
[Round "6"]
[White "Mamedjarova,T"]
[Black "Ushenina,A"]
[Result "0-1"]
[WhiteElo "2241"]
[BlackElo "2410"]
[EventDate "2006.08.12"]

1. e4 c6 2. d4 d5 3. e5 Bf5 4. Nf3 e6 5. Be2 Ne7 6. Nbd2 Bg6 7. Nh4 Nf5 8.
Nxf5 Bxf5 9. O-O Be7 10. Bg4 Bxg4 11. Qxg4 O-O 12. h4 Kh8 13. h5 h6 14. f4
c5 15. f5 exf5 16. Rxf5 cxd4 17. Qxd4 Nc6 18. Qg4 Qb6+ 19. Kh1 Nd4 20. Rf4
Nxc2 21. Rb1 Bg5 22. Ra4 Qb5 23. Nb3 f5 24. exf6 Qf1+ 25. Kh2 Bxf6 26. Qg3
Rae8 27. Nd2 Qf5 28. Nf3 Ne1 0-1

[Event "16th Open"]
[Site "Abu Dhabi UAE"]
[Date "2006.08.18"]
[Round "6"]
[White "Taleb,M"]
[Black "Motoc,A"]
[Result "1-0"]
[WhiteElo "2409"]
[BlackElo "2309"]
[EventDate "2006.08.12"]

1. d4 Nf6 2. c4 g6 3. Nc3 Bg7 4. e4 d6 5. f3 Nc6 6. Be3 a6 7. Nge2 Rb8 8.
Qd2 h5 9. h3 Bd7 10. Rc1 h4 11. b3 e5 12. dxe5 Nxe5 13. Nd5 Be6 14. Nec3
Nh5 15. Bg5 f6 16. Nf4 Bxc4 17. Nxh5 Rxh5 18. Be3 Bxf1 19. Rxf1 c6 20. Ne2
Qd7 21. Rd1 Bf8 22. Qd4 Be7 23. f4 Nf7 24. Qd3 d5 25. Kf2 Kf8 26. Nc3 Kg7
27. exd5 cxd5 28. Kg1 b6 29. Nxd5 Rd8 30. f5 Rxf5 31. Rxf5 Qxf5 32. Qxf5
gxf5 33. Bxb6 Rd7 34. Bf2 Ne5 35. Ne3 Rxd1+ 36. Nxd1 Nd3 37. Bxh4 Nc1 38.
Nc3 Bb4 39. Nd5 Bc5+ 40. Bf2 Bd6 41. Be3 Nxa2 42. Bd2 Kf7 43. Kf1 Ke6 44.
Nf4+ Kf7 45. Nd3 Ke6 46. Ke2 Kd5 47. Kd1 Kd4 48. Kc2 Ba3 49. Ne1 Bd6 50.
Kb2 Bb4 51. Nc2+ 1-0

[Event "16th Open"]
[Site "Abu Dhabi UAE"]
[Date "2006.08.18"]
[Round "6"]
[White "Khader,S"]
[Black "Ahmed,I"]
[Result "1-0"]
[WhiteElo "2384"]
[BlackElo "2113"]
[EventDate "2006.08.12"]

1. e4 c5 2. Nf3 g6 3. d4 cxd4 4. Nxd4 Bg7 5. Nc3 Nc6 6. Be3 Nf6 7. Bc4 O-O
8. Bb3 d6 9. f3 Bd7 10. Qd2 Nxd4 11. Bxd4 b5 12. a3 a5 13. O-O Rc8 14. Rad1
Qc7 15. Kh1 Bc6 16. Rfe1 Rfd8 17. Qe3 Nd7 18. Bxg7 Kxg7 19. Qd4+ Nf6 20.
Re2 Kg8 21. Red2 Rd7 22. Qe3 Qa7 23. Qh6 b4 24. axb4 axb4 25. Ne2 Bb5 26.
Nd4 Bc4 27. Bxc4 Rxc4 28. h3 Qb6 29. Nb3 Rdc7 30. e5 Ne8 31. Qg5 f6 32.
exf6 Nxf6 33. Nd4 Qc5 34. Qe3 e5 35. Qg5 Rxd4 36. Rxd4 exd4 37. Qxf6 Rf7
38. Qxd4 Qxc2 39. Rd2 Qc1+ 40. Kh2 Qc5 41. Qxd6 Qa5 42. Qd8+ Qxd8 43. Rxd8+
Kg7 44. Rb8 Rf4 45. Rb7+ Kh6 46. Kg3 Rd4 47. b3 Kg5 48. Rb5+ Kf6 49. Kf2 g5
50. Ke3 Rh4 51. Rd5 h5 52. Rd4 Rxd4 53. Kxd4 h4 54. Ke4 Ke6 55. f4 gxf4 56.
Kxf4 Kd5 57. g4 hxg3 58. Kxg3 Kd4 59. h4 Kc3 60. h5 Kxb3 61. h6 Kc2 62. h7
b3 63. h8=Q 1-0

[Event "16th Open"]
[Site "Abu Dhabi UAE"]
[Date "2006.08.18"]
[Round "6"]
[White "Hassan,Ab"]
[Black "Mahmoody,M"]
[Result "1/2-1/2"]
[WhiteElo "2365"]
[BlackElo "2242"]
[EventDate "2006.08.12"]

1. d4 d5 2. Nf3 Nf6 3. c4 e6 4. Nc3 Nbd7 5. Bf4 c6 6. e3 h6 7. Bd3 dxc4 8.
Bxc4 b5 9. Bd3 a6 10. a4 Bb7 11. O-O Be7 12. e4 b4 13. Ne2 c5 14. d5 exd5
15. e5 Ne4 16. Ng3 g5 17. Be3 g4 18. e6 fxe6 19. Nd2 Ndf6 20. Qc2 Nxd2 21.
Qxd2 Kf7 22. Bxh6 Rg8 23. b3 Rc8 24. Qe2 Qd6 25. Rfe1 Rc6 26. Rad1 a5 27.
Qc2 Bf8 28. Bc1 Ba6 29. Bxa6 Rxa6 30. Bb2 d4 31. Bc1 Qd5 32. Qd3 Rb6 33.
Re2 Bd6 34. Rde1 Bc7 35. Ne4 Nxe4 36. Rxe4 Qf5 37. g3 Rg7 38. Bf4 Kg8 39.
Bxc7 Rxc7 40. Qc4 Rf7 41. Rf4 Qd5 42. Rxg4+ Kf8 43. Qxd5 exd5 44. Rc1 Rc6
45. Rxd4 cxd4 46. Rxc6 d3 47. Rc1 Rc7 48. Rd1 Rc3 49. f4 Ke7 50. Kf2 Kd6
51. h4 Rxb3 52. h5 Rb2+ 53. Ke3 Rh2 54. g4 Rh3+ 55. Kd2 Kc5 56. f5 Kd4 57.
f6 Rh2+ 58. Kc1 Rc2+ 59. Kb1 Rf2 60. g5 Kc3 61. g6 b3 62. g7 Rb2+ 63. Ka1
Ra2+ 64. Kb1 Rb2+ 1/2-1/2

[Event "16th Open"]
[Site "Abu Dhabi UAE"]
[Date "2006.08.18"]
[Round "6"]
[White "Lalith,B"]
[Black "El Arousy,A"]
[Result "1-0"]
[WhiteElo "2297"]
[BlackElo "2352"]
[EventDate "2006.08.12"]

1. Nf3 Nf6 2. c4 e6 3. Nc3 d5 4. d4 c6 5. Bg5 Nbd7 6. e3 Qa5 7. cxd5 Nxd5
8. Qd2 N7b6 9. Bd3 Bb4 10. Rc1 Na4 11. a3 Bd6 12. Nxa4 Qxa4 13. O-O h6 14.
Bh4 Qb3 15. Bc4 Qb6 16. Qc2 Ne7 17. Bxe7 Bxe7 18. Ba2 Bf6 19. Ne5 Ke7 20.
Ng4 Bd7 21. f4 Rac8 22. Nxf6 gxf6 23. f5 exf5 24. Qd2 Be6 25. Bb1 c5 26. d5
Rhd8 27. e4 fxe4 28. Bxe4 c4+ 29. Kh1 Rc5 30. Qe3 Rcxd5 31. Qxb6 axb6 32.
Bxd5 Bxd5 33. Rcd1 Rd6 34. Rd2 Ke6 35. Re1+ Kd7 36. Red1 Kc6 37. Kg1 f5 38.
Kf2 b5 39. Rd4 Kc5 40. Rf4 Rf6 41. g4 Be4 42. Re1 Rb6 43. gxf5 Bd3 44. Re5+
Kd6 45. Re3 b4 46. axb4 Kc6 47. Ke1 Kb5 48. Kd2 Ka4 49. Kc3 Rxb4 50. Rxd3
Rb3+ 51. Kc2 1-0

[Event "16th Open"]
[Site "Abu Dhabi UAE"]
[Date "2006.08.18"]
[Round "6"]
[White "Amanov,M"]
[Black "Aswin,J"]
[Result "1/2-1/2"]
[WhiteElo "2372"]
[BlackElo "2221"]
[EventDate "2006.08.12"]

1. c4 Nf6 2. Nc3 d5 3. cxd5 Nxd5 4. g3 g6 5. Bg2 Nb6 6. Nf3 Bg7 7. O-O O-O
8. d4 Nc6 9. e3 e5 10. d5 Ne7 11. e4 Nc4 12. Qe2 Nd6 13. Rd1 Bg4 14. h3
Bxf3 15. Bxf3 f5 16. Bg2 fxe4 17. Nxe4 Nef5 18. Nc5 Nd4 19. Qf1 Qe7 20. Ne6
Nxe6 21. dxe6 e4 22. Bf4 Qxe6 23. Rac1 Rxf4 24. gxf4 c6 25. Qe2 Rf8 26. Qd2
Rf6 27. Rc2 Bh6 28. Qd4 Bxf4 29. Re2 Rf5 30. Qxa7 Rg5 31. Qa3 Kg7 32. Kf1
Bh2 33. Qb3 Qf6 34. Red2 Be5 35. Qa3 Nc4 36. Rd7+ Kh6 37. Qe7 Ne3+ 38. Ke2
Qxe7 39. Rxe7 Nxd1 40. Bxe4 Nxb2 41. Rxb7 c5 42. f4 Bxf4 43. Rxb2 Rg3 44.
Rb3 Rg1 1/2-1/2

[Event "16th Open"]
[Site "Abu Dhabi UAE"]
[Date "2006.08.18"]
[Round "6"]
[White "Qaddara,A"]
[Black "Jasim,A"]
[Result "1/2-1/2"]
[WhiteElo "2243"]
[BlackElo "2326"]
[EventDate "2006.08.12"]

1. Nf3 b6 2. d4 Bb7 3. e3 e6 4. Bd3 Nf6 5. b3 d5 6. O-O Bd6 7. Bb2 Nbd7 8.
Ne5 O-O 9. Nd2 Ne4 10. c4 Nxd2 11. Qxd2 Bxe5 12. dxe5 Nc5 13. Rfd1 Nxd3 14.
Qxd3 dxc4 15. Qxc4 Qe7 16. f4 Rfd8 17. Qc2 1/2-1/2

[Event "16th Open"]
[Site "Abu Dhabi UAE"]
[Date "2006.08.18"]
[Round "6"]
[White "Samhouri,A"]
[Black "Ibrahim,I UAE"]
[Result "1-0"]
[WhiteElo "2294"]
[BlackElo "2133"]
[EventDate "2006.08.12"]

1. e4 c5 2. Nf3 Nc6 3. Bb5 g6 4. Bxc6 dxc6 5. h3 Bg7 6. d3 Nf6 7. Nc3 O-O
8. Be3 b6 9. Qd2 Re8 10. O-O e5 11. Bh6 Bh8 12. Nh2 Nh5 13. Ne2 f5 14. exf5
gxf5 15. g4 Ng7 16. Bg5 Qd6 17. Ng3 h6 18. Bh4 Qg6 19. Kh1 fxg4 20. hxg4
Ne6 21. Ne4 Nf4 22. Rg1 Kh7 23. Rg3 Be6 24. g5 Bd5 25. gxh6 Bxe4+ 26. dxe4
Qxe4+ 27. Nf3 Rg8 28. Qd7+ Kxh6 29. Rag1 Rxg3 30. Rxg3 Rg8 31. Rxg8 Qxf3+
32. Kh2 Bf6 33. Qf5 1-0

[Event "16th Open"]
[Site "Abu Dhabi UAE"]
[Date "2006.08.18"]
[Round "6"]
[White "Salem,AR"]
[Black "Himdan,M"]
[Result "1/2-1/2"]
[WhiteElo "2154"]
[BlackElo "2282"]
[EventDate "2006.08.12"]

1. d4 d6 2. e4 Nf6 3. f3 e5 4. d5 Be7 5. c4 O-O 6. Nc3 a5 7. Be3 Nfd7 8.
Bd3 Bg5 9. Bf2 Nc5 10. Bc2 Nbd7 11. Nge2 Nb6 12. b3 Bd7 13. a3 Qe7 14. O-O
g6 15. Rb1 f5 16. b4 axb4 17. axb4 Nca4 18. Bb3 Kh8 19. Qc2 Ra6 20. Ra1
Nxc3 21. Nxc3 Rfa8 22. Rxa6 Rxa6 23. c5 Nc8 24. b5 Ra3 25. c6 bxc6 26. dxc6
Be6 27. Bxe6 Qxe6 28. Nd5 Bd8 29. f4 fxe4 30. Qxe4 Rb3 31. fxe5 Rxb5 32.
Nf4 Qf5 33. Qc4 Rb1 34. e6 Rxf1+ 35. Kxf1 Ne7 36. h3 Kg8 37. g4 Qe5 38. Bg3
Qc5 39. Qxc5 dxc5 40. Nd3 Nxc6 41. Nxc5 Be7 42. Nb3 Bd6 43. Bh4 Kf8 44. Ke2
Be7 45. Bg3 Nd8 46. Bxc7 Nxe6 1/2-1/2

[Event "16th Open"]
[Site "Abu Dhabi UAE"]
[Date "2006.08.18"]
[Round "6"]
[White "Coleman,J"]
[Black "Schacht,H"]
[Result "1/2-1/2"]
[WhiteElo "2188"]
[BlackElo "2254"]
[EventDate "2006.08.12"]

1. d4 e6 2. e4 d5 3. Nd2 c5 4. exd5 exd5 5. Ngf3 Nc6 6. Bb5 Bd6 7. dxc5
Bxc5 8. O-O Nge7 9. Nb3 Bd6 10. Bg5 O-O 11. Bh4 Bg4 12. Bg3 Re8 13. Bxd6
Qxd6 14. Be2 Rad8 15. Nfd4 Bc8 16. Nxc6 Nxc6 17. Bb5 Re6 18. Bxc6 bxc6 19.
Qd2 Rde8 20. Rfe1 Qe7 21. Rxe6 fxe6 22. Qc3 Qd6 1/2-1/2

[Event "16th Open"]
[Site "Abu Dhabi UAE"]
[Date "2006.08.18"]
[Round "6"]
[White "Nadig,K"]
[Black "Al Sulaiti,G"]
[Result "1/2-1/2"]
[WhiteElo "2226"]
[BlackElo "2128"]
[EventDate "2006.08.12"]

1. e4 c5 2. Nf3 Nc6 3. d4 cxd4 4. Nxd4 Nf6 5. Nc3 e5 6. Ndb5 d6 7. Bg5 a6
8. Na3 b5 9. Bxf6 gxf6 10. Nd5 f5 11. g3 Bg7 12. Bg2 f4 13. c3 O-O 14. O-O
Ne7 15. Nc2 Nxd5 16. Qxd5 Be6 17. Qd2 Qc7 18. Rfd1 Rad8 19. a4 fxg3 20.
hxg3 f5 21. exf5 Rxf5 22. Ne3 Rf7 23. axb5 axb5 24. Bd5 Bxd5 25. Qxd5 Qb7
26. Ra5 b4 27. cxb4 Qxb4 28. Nc4 Qb7 29. Nxd6 Qxd5 30. Rdxd5 Rfd7 31. Nf5
Rxd5 32. Ne7+ Kf7 33. Nxd5 Rb8 34. Ra7+ Kg6 35. Ne7+ Kf6 36. Nc6 Rxb2 37.
Nxe5 h5 38. Nd3 Rb1+ 39. Kg2 Rb3 40. Nf4 Rb5 41. Kh3 Bh6 42. Ra6+ Kg7 43.
Ne6+ Kh7 44. Kh4 Rd5 45. f4 Rb5 46. Nd4 Rd5 47. Nf3 Rf5 48. Nd4 Rd5 49.
Ra7+ Kg6 50. Nc6 Rc5 51. Ne5+ Kf5 52. Rf7+ Ke4 53. Kxh5 Bxf4 54. gxf4 Rc1
55. Ng6 Ra1 56. f5 Ra3 57. Kh6 Ra1 58. f6 Kf5 59. Nh4+ Ke6 60. Rf8 Rf1 61.
Kg7 Rg1+ 62. Ng6 Kf5 63. Kf7 Rxg6 64. Ke7 Rh6 65. f7 Re6+ 66. Kd7 Kf6
1/2-1/2

[Event "16th Open"]
[Site "Abu Dhabi UAE"]
[Date "2006.08.18"]
[Round "6"]
[White "Ghader Pour,S"]
[Black "Marwan,A"]
[Result "0-1"]
[WhiteElo "2152"]
[BlackElo "2033"]
[EventDate "2006.08.12"]

1. e4 c5 2. c3 Nf6 3. e5 Nd5 4. d4 cxd4 5. Nf3 e6 6. cxd4 d6 7. Bc4 Nc6 8.
O-O Be7 9. Qe2 Nb6 10. Bb3 d5 11. Nc3 f5 12. exf6 Bxf6 13. Bc2 O-O 14. Qd3
g6 15. a3 a5 16. Bh6 Rf7 17. Rae1 Nc4 18. Bc1 Bd7 19. b3 Nd6 20. Ne5 Re7
21. Nd1 Nf5 22. Bb2 Qc7 23. Bb1 a4 24. b4 Be8 25. f4 Qb6 26. Kh1 Nfxd4 27.
b5 Bxe5 28. bxc6 Bg7 29. Bxd4 Bxd4 30. f5 gxf5 31. Rxe6 Rxe6 32. Qxf5 Rf6
33. Qxh7+ Kf8 34. Qh8+ Ke7 35. Re1+ Kd6 36. Qh7 Kxc6 37. Ba2 Qb5 38. Qc2+
Kb6 39. Nb2 Bxb2 40. Qd1 Bc3 41. Rg1 Rf2 0-1

[Event "16th Open"]
[Site "Abu Dhabi UAE"]
[Date "2006.08.19"]
[Round "7"]
[White "Abbasov,F"]
[Black "Miroshnichenko,E"]
[Result "1/2-1/2"]
[WhiteElo "2443"]
[BlackElo "2616"]
[EventDate "2006.08.12"]

1. Nf3 Nf6 2. c4 e6 3. Nc3 Bb4 4. Qc2 O-O 5. a3 Bxc3 6. Qxc3 a5 7. b3 c5 8.
Bb2 d6 9. d4 b6 10. g3 Nbd7 11. Bg2 Ba6 12. Rd1 Rc8 13. d5 Qe7 14. O-O exd5
15. Rxd5 b5 16. cxb5 Bxb5 17. Rfd1 Rc6 18. a4 Ba6 19. Nh4 Rb6 20. Nf5 Qxe2
21. Nxd6 Qg4 22. R5d2 Qb4 23. Qf3 Qxb3 24. Bc3 Be2 25. Qxe2 Qxc3 26. Rd3
Qb4 27. Bh3 Qxa4 28. Nxf7 Rxf7 29. Bxd7 Nxd7 30. Rxd7 Rf8 31. Qe7 Qg4 32.
Qxc5 Rbf6 33. R1d2 1/2-1/2

[Event "16th Open"]
[Site "Abu Dhabi UAE"]
[Date "2006.08.19"]
[Round "7"]
[White "Ghaem Maghami,E"]
[Black "Rausis,I"]
[Result "1/2-1/2"]
[WhiteElo "2594"]
[BlackElo "2510"]
[EventDate "2006.08.12"]

1. e4 c6 2. d4 d5 3. exd5 cxd5 4. c4 Nf6 5. Nc3 e6 6. Nf3 Bb4 7. cxd5 Nxd5
8. Bd2 Nc6 9. Bd3 O-O 10. O-O Nf6 11. Bg5 Be7 12. a3 Nd5 13. Bd2 Bf6 14.
Qc2 h6 15. Rad1 Nxd4 16. Nxd4 Bxd4 17. Nxd5 Qxd5 18. Bc3 e5 19. Bh7+ Kh8
20. Be4 Qc4 21. Bxd4 Qxc2 22. Bxc2 exd4 23. Rxd4 Be6 24. Be4 Rfd8 25. Rfd1
Rxd4 26. Rxd4 Rc8 27. f4 g6 28. Bxb7 Rc1+ 29. Kf2 Rc2+ 30. Ke3 Rxb2 31. Rb4
Rc2 32. a4 1/2-1/2

[Event "16th Open"]
[Site "Abu Dhabi UAE"]
[Date "2006.08.19"]
[Round "7"]
[White "Azarov,S"]
[Black "Ibrahimov,R"]
[Result "1/2-1/2"]
[WhiteElo "2579"]
[BlackElo "2528"]
[EventDate "2006.08.12"]

1. e4 c5 2. Nf3 d6 3. d4 cxd4 4. Nxd4 Nf6 5. Nc3 a6 6. Bg5 e6 7. f4 Qb6 8.
Qd2 Nc6 9. O-O-O Qxd4 10. Qxd4 Nxd4 11. Rxd4 Be7 12. Na4 Bd7 13. Nb6 Rd8
14. Nxd7 Rxd7 15. Be2 h6 16. Bh4 Nh5 17. Bxh5 Bxh4 18. Rhd1 Bd8 19. R4d3
Ke7 20. f5 Bb6 21. c3 Rg8 22. Rf1 exf5 23. exf5 d5 24. Bf3 1/2-1/2

[Event "16th Open"]
[Site "Abu Dhabi UAE"]
[Date "2006.08.19"]
[Round "7"]
[White "Grigoriants,S RUS"]
[Black "Allahverdiev,A"]
[Result "1/2-1/2"]
[WhiteElo "2579"]
[BlackElo "2435"]
[EventDate "2006.08.12"]

1. e4 e5 2. Nf3 Nc6 3. Bb5 a6 4. Ba4 Nf6 5. O-O b5 6. Bb3 Bc5 7. a4 Rb8 8.
d3 d6 9. c3 h6 10. Nbd2 O-O 11. Bc2 Bb6 12. Nb3 Ne7 13. d4 Ng6 14. Be3 Ng4
15. Bd2 Nf6 16. Bd3 Bb7 17. Re1 c5 18. axb5 1/2-1/2

[Event "16th Open"]
[Site "Abu Dhabi UAE"]
[Date "2006.08.19"]
[Round "7"]
[White "Kengis,E"]
[Black "Goloshchapov,A"]
[Result "1/2-1/2"]
[WhiteElo "2539"]
[BlackElo "2558"]
[EventDate "2006.08.12"]

1. Nf3 c5 2. c4 Nf6 3. Nc3 e6 4. g3 b6 5. Bg2 Bb7 6. O-O a6 7. b3 Be7 8. d4
cxd4 9. Qxd4 O-O 10. Rd1 d6 11. Ba3 Ne8 12. Ne4 Nc6 13. Qd3 Qc7 14. Neg5 g6
15. h4 Rd8 16. Qe3 Nf6 17. Nxe6 fxe6 18. Qxe6+ Kg7 19. Bb2 h6 20. h5 Bc8
21. Qe4 Bf5 22. Qf4 Kh7 23. hxg6+ Bxg6 24. Nh4 Nh5 25. Qg4 Bxh4 26. Qxh4
Ne5 27. f4 Nd7 28. Bf3 Ndf6 29. g4 Nxg4 30. Bxg4 Rxf4 31. e3 Re4 32. Rd4
Rg8 33. Rxe4 Bxe4 34. Qxh5 Qd7 35. Kh2 Rxg4 36. Rg1 Rxg1 37. Kxg1 Qf5 38.
Qxf5+ 1/2-1/2

[Event "16th Open"]
[Site "Abu Dhabi UAE"]
[Date "2006.08.19"]
[Round "7"]
[White "Ushenina,A"]
[Black "Magerramov,E"]
[Result "1/2-1/2"]
[WhiteElo "2410"]
[BlackElo "2530"]
[EventDate "2006.08.12"]

1. d4 d5 2. c4 e6 3. Nc3 c5 4. cxd5 exd5 5. Nf3 Nc6 6. g3 Nf6 7. Bg2 Be7 8.
O-O O-O 9. Bg5 cxd4 10. Nxd4 h6 11. Be3 Re8 12. Qb3 Na5 13. Qc2 Bg4 14. Nf5
Rc8 15. Bd4 Bc5 16. Bxc5 Rxc5 17. Ne3 Be6 18. Qa4 Re7 19. Rad1 Rd7 20. Nb5
Qb6 21. Nd4 Nc4 22. b4 Rc8 23. Qb3 Rdc7 24. b5 Nd6 25. a4 Nde4 26. Bxe4
Nxe4 27. Nxe6 Qxe6 28. Qxd5 Nc3 29. Qxe6 Nxe2+ 30. Kg2 fxe6 31. Rd6 Kf7 32.
b6 axb6 33. Rxb6 Nc3 34. a5 Ra8 35. Rc1 Rxa5 36. Nd1 Rac5 37. Rxc3 Rxc3 38.
Nxc3 Rxc3 39. Rxb7+ Kf6 1/2-1/2

[Event "16th Open"]
[Site "Abu Dhabi UAE"]
[Date "2006.08.19"]
[Round "7"]
[White "Sturua,Z"]
[Black "Taleb,M"]
[Result "1-0"]
[WhiteElo "2509"]
[BlackElo "2409"]
[EventDate "2006.08.12"]

1. d4 Nf6 2. c4 e6 3. Nc3 Bb4 4. Qc2 O-O 5. e4 d5 6. e5 Ne4 7. a3 Bxc3+ 8.
bxc3 c5 9. Bb2 cxd4 10. cxd4 b5 11. c5 Qa5+ 12. Kd1 f6 13. f3 fxe5 14. Nh3
Nf6 15. dxe5 Nh5 16. Bd3 g6 17. a4 Qb4 18. axb5 Nd7 19. Ra4 Qxc5 20. Bxg6
Qxc2+ 21. Bxc2 Ng7 22. Ng5 h5 23. Nh7 Rd8 24. Nf6+ Kf7 25. g4 Nc5 26. Re4
1-0